000 01254nam a2200229Ia 4500
001 L590-26341
003 IT-CnALBA
008 170116s9999||||xx |||||||||||||| ||und||
040 _aIT-CnALBA
_cIT-CnALBA
041 _aITALIANO
100 _aBUFFON, GIORGIO LUIGI LECLERC, CONTE DI
245 0 _aOPERE COMPLETE DI BUFFON. - VOL. XIII: SEGUITO E FINE DEGLI UCCELLI. SAGGIO D'ARITMETICA MORALE. LETTERE. DISCORSI.
250 _a1a ed.
260 _aNAPOLI
_bSTABILIMENTO TIPOGRAFICO
_c1879 [1° Ed.:1879 - Ed.Ling.Originale: 1820]
300 _a439 p.
500 _aTRADUZIONE DAL FRANCESE. IL CIGNO. L'OCA. ANITRA. ALZAVOLA. PROCELLARIE. UCCELLO TEMPESTA. ALBATROS. PINGUINI. ESPERIENZE VEGETABILI. DISCORSI ALL'ACCADEMIA FRANCESE. PROPOSIZIONI CENSURATE DAI TEOLOGI PARIGINI RITRATTAZIONI DEL BUFFON.
501 _aSocietà San Paolo EM - Piazza San Paolo, 14 - 12051 ALBA (CN) (non commercial uses only) ® Copyright 2017
520 _aTRADUZIONE DAL FRANCESE. IL CIGNO. L'OCA. ANITRA. ALZAVOLA. PROCELLARIE. UCCELLO TEMPESTA. ALBATROS. PINGUINI. ESPERIENZE VEGETABILI. DISCORSI ALL'ACCADEMIA FRANCESE. PROPOSIZIONI CENSURATE DAI TEOLOGI PARIGINI RITRATTAZIONI DEL BUFFON.
650 _aZOOLOGIA
942 _cBK
957 _71
999 _a31128
_bSI
_g Copie: 1
_c285449
_d285449